| 000 | 00630nam a2200253Ia 4500 | ||
|---|---|---|---|
| 003 | OSt | ||
| 005 | 20221005062520.0 | ||
| 006 | a|||||r|||| 00| 0 | ||
| 007 | ta | ||
| 008 | 221004b |||||||| |||| 00| 0 eng d | ||
| 024 | _a64393 | ||
| 037 | _cTextual | ||
| 040 |
_aCRL _cCRL _beng |
||
| 041 |
_2eng _aeng |
||
| 082 | _aT48:f, N3 | ||
| 100 |
_aLocke Lawrence F , etc _9601918 |
||
| 245 | 0 | _aProposals that work | |
| 250 | _a3rd | ||
| 260 |
_aLondon _bSage _c1993 |
||
| 300 |
_a323p _ccm. |
||
| 650 | _aEDUCATION | ||
| 942 |
_hT48:f, N3 _cTEXL _2cc |
||
| 999 |
_c969819 _d969819 |
||